000 00620nam a22001577a 4500
003 OSt
005 20150905155821.0
008 150905b xxu||||| |||| 00| 0 eng d
040 _cRUA
082 _aAGR អូន 1989 B001 Or.1
100 _951
_aអូន សុវណ្ណ
245 _aសមាសភាពសត្វល្អិតចង្រៃនិងជំងឺផ្សេងៗលើដំណាំស្ពៃ ការបំផ្លាញរបស់វា​និងវិធានការណ៍ការពារ
260 _aPhnom Penh
_bRUA
_c1989
300 _a101p.
_bill.
_c29cm.
942 _2ddc
_cAGR
999 _c49
_d49